| 000 | 01013nmm a2200337 a 4500 | ||
|---|---|---|---|
| 003 | AR-BaBNM | ||
| 005 | 20251128203952.0 | ||
| 008 | 011101s1993 ||||||||||||||000 | spa|| | ||
| 020 | _a950-534-121-0 | ||
| 040 | _cAR-BaBNM | ||
| 100 | 1 | _aBustinza, Juan Antonio | |
| 245 | 1 | 0 |
_aLa enseñanza de la historia _baportes para una metodología dinámica |
| 260 |
_aBuenos Aires _bA-Z editora _c1993 |
||
| 300 | 0 |
_a174 p. _bmapas, gráfs., grab., fot. |
|
| 504 | _aContiene bibliografía | ||
| 650 | 4 | _aENSENANZA DE LA HISTORIA | |
| 650 | 4 | _aMETODOS DE ENSENANZA | |
| 650 | 4 | _aPROGRAMAS DE ESTUDIOS | |
| 650 | 4 | _aMATERIAS DEL CURRICULO | |
| 650 | 4 | _aLIBROS DE TEXTO | |
| 650 | 4 | _aMATERIAL DIDACTICO | |
| 650 | 4 | _aCARTOGRAFIA | |
| 650 | 4 | _aBIBLIOGRAFIA | |
| 650 | 4 | _aEVALUACION DE MATERIALES DIDACTICOS | |
| 650 | 4 | _aEVALUACION DEL ALUMNO | |
| 653 | 0 | _aEDUCACION SECUNDARIA | |
| 700 | 1 | _aLópez Negrete de Miretzky, María | |
| 700 | 1 | _aRibas, Gabriel Antonio | |
| 942 | _cBK | ||
| 998 | _cHector | ||
| 999 |
_c5648 _d5648 |
||